Normal view
MARC view
- Wang Fie.
Entry Personal Name
001 - CONTROL NUMBER
- control field: 60172
003 - CONTROL NUMBER IDENTIFIER
- control field: OSt
005 - DATE AND TIME OF LATEST TRANSACTION
- control field: 20240904174205.0
008 - FIXED-LENGTH DATA ELEMENTS
- fixed length control field: 240904|| aca||aabn | a|a d
040 ## - CATALOGING SOURCE
- Original cataloging agency: OSt
- Transcribing agency: OSt
100 ## - HEADING--PERSONAL NAME
- Personal name: Wang Fie.
- Relator term: author.
670 ## - SOURCE DATA FOUND
- Source citation: Work cat.: (OSt): Kong, Le. author. 60169, Enhanced synchronization stability of grid-forming inverters with passivity-based virtual oscillator control /, December 2022.
